| 000 | 00612nam a2200205 i 4500 | ||
|---|---|---|---|
| 001 | 134633 | ||
| 003 | ES-MaACL | ||
| 005 | 20230906194720.0 | ||
| 007 | t| | ||
| 008 | 070912s1960 sp ||||1| spa d | ||
| 100 | 1 |
_aWiechert, Ernst. _9116754 |
|
| 245 | 1 | 3 |
_aLa moza de Jürgen Doskocil / _cpor Ernst Wiechert ; [versión castellana de Patricia Argensola]. |
| 260 |
_aBarcelona : _bG. P., _c[1960] |
||
| 300 |
_a155 p. ; _c18 cm. |
||
| 490 | 1 | _aLibro Picus | |
| 700 | 1 |
_aArgensola, Patricia. _922688 |
|
| 830 | 0 |
_aLibro Picus _9181734 |
|
| 852 |
_aES-MaACL _jC-17318 _bR.45472 |
||
| 999 |
_c134633 _d134633 |
||